00704nam a2200229 i 4500001000300000100002800003245005800031260004100089300003500130504002500165650001300190020001400203040000800217041000700225080001300232920001700245942000700262008004100269999001700310856009800327952004900425bg1 aSTRAHLER, Arthur Newell 0aPrinciples of Physical Geology /cArthur N. Strahler. aNew York :bHarper & Row,ccop.1977. a419 s. :bfot., rys. ;c28 cm. aBibliogr. s.379-391. 9aGeologia a006464577 cBPK0 aen a551.1/.4 a0-06-46457-7 cKS s pl f |000 0 pol  c30180d30180 uhttp://koha.tu.koszalin.pl/cgi-bin/koha/opac-detail.pl?biblionumber=30180yKatalog online BPK 00104070aBPKbBPKcwo36793p01927061yKS